| 000 | 00641nam a2200205Ia 4500 | ||
|---|---|---|---|
| 003 | GCL | ||
| 008 | 140319s9999 xx 000 0 ara d | ||
| 040 |
_aGCL / _cGCL |
||
| 082 | 0 | 4 |
_a811.6 _bج د |
| 100 | 1 | _aالحلى , صفى الدين عبدالعزيز بن | |
| 245 | 1 | 0 |
_aديوان صفى الدين الحلى / _cالحلى , صفى الدين عبدالعزيز بن |
| 260 |
_a[S.N] : _bدار صادر ، _c1990 |
||
| 300 | _a782 ص | ||
| 490 | _a | ||
| 650 | 0 | 4 | _aالشعر العربى |
| 650 | 0 | 4 | _aالادب العربى |
| 650 | 0 | 4 | _aدواوين وقصائد |
| 650 | 0 | 4 | _aتاريخ ونقد |
| 942 |
_2ddc _cBK |
||
| 999 |
_c31311 _d31311 |
||